La Celestina : (Record no. 132090)
[ view plain ]
| 000 -LEADER | |
|---|---|
| campo de control de longitud fija | 00859nam a2200205 i 4500 |
| 001 - NÚMERO DE CONTROL | |
| campo de control | 132090 |
| 003 - IDENTIFICADOR DE NÚMERO DE CONTROL | |
| campo de control | ES-MaACL |
| 005 - FECHA Y HORA DE LA ÚLTIMA TRANSACCIÓN | |
| campo de control | 20251116063106.0 |
| 007 - CAMPO FIJO DE DESCRIPCIÓN FÍSICA--INFORMACIÓN GENERAL | |
| campo de control de longitud fija | t| |
| 008 - DATOS DE LONGITUD FIJA--INFORMACIÓN GENERAL | |
| campo de control de longitud fija | 070214s1907 sp |||| | spa d |
| 080 ## - NÚMERO DE LA CLASIFICACIÓN DECIMAL UNIVERSAL | |
| Número de la Clasificación Decimal Universal | 821.134.2-21"15" |
| 100 1# - ENTRADA PRINCIPAL--NOMBRE DE PERSONA | |
| Nombre de persona | Rojas, Fernando de, |
| Fechas asociadas al nombre | ca. 1470-1541 |
| 9 (RLIN) | 99042 |
| 240 13 - TÍTULO UNIFORME | |
| Título uniforme | La Celestina |
| 245 13 - MENCIÓN DEL TÍTULO | |
| Título | La Celestina : |
| Resto del título | tragicomedia de Calisto y Melibea : texto de veintiún actos según la edición de Valencia, 1514, comparado con el primitivo de diez y seis, según las de Burgos, 1499, y Sevilla, 1501 / |
| Mención de responsabilidad, etc. | Fernando de Rojas ; lleva como apéndice el Auto de Traso. |
| 246 3# - FORMA VARIANTE DEL TITULO | |
| Título propio/Titulo breve | Auto de Traso |
| 260 ## - PUBLICACIÓN, DISTRIBUCIÓN, ETC. | |
| Lugar de publicación, distribución, etc. | Madrid : |
| Nombre del editor, distribuidor, etc. | Librería de Perlado, Páez y Cª (Suc. de Hernando), |
| Fecha de publicación, distribución, etc. | 1907 ( |
| Fabricante | Imp. de los Suc. de Hernando) |
| 300 ## - DESCRIPCIÓN FÍSICA | |
| Extensión | XX, 342 p. ; |
| Dimensiones | 18 cm. |
| 852 ## - LOCALIZACIÓN | |
| Ubicación | ES-MaACL |
| Número de control de estantería | F-13270 |
| Estatus retirado | Estado de pérdida | Estado de daño | No para préstamo | Biblioteca de origen | Biblioteca actual | Ubicación en estantería | Fecha de adquisición | Fuente de adquisición | Total de préstamos | Signatura topográfica completa | Código de barras | Visto por última vez | Precio de reemplazo | Tipo de ítem Koha |
|---|---|---|---|---|---|---|---|---|---|---|---|---|---|---|
| Biblioteca del Ateneo de Madrid | Biblioteca del Ateneo de Madrid | Sala Pecera Planta 2 | 17/01/2008 | F-13270 | 1137521 | 23/02/2023 | 23/02/2023 | Libro impreso |
